Über uns die Sterne, (Record no. 5818)

MARC details
000 -LEADER
fixed length control field 00538cam a22001931 4500
001 - CONTROL NUMBER
control field af 48003901
003 - CONTROL NUMBER IDENTIFIER
control field DLC
005 - DATE AND TIME OF LATEST TRANSACTION
control field 20260227110905.0
008 - FIXED-LENGTH DATA ELEMENTS--GENERAL INFORMATION
fixed length control field 890323s1943 gw 000 0 ger c
010 ## - LIBRARY OF CONGRESS CONTROL NUMBER
LC control number af 48003901
035 ## - SYSTEM CONTROL NUMBER
System control number (OCoLC)19419218
040 ## - CATALOGING SOURCE
Original cataloging agency California. Univ. Libr.
Transcribing agency CU
Modifying agency DLC
042 ## - AUTHENTICATION CODE
Authentication code premarc
050 00 - LIBRARY OF CONGRESS CALL NUMBER
Classification number PT2603.E18
Item number U4
100 1# - MAIN ENTRY--PERSONAL NAME
Personal name Becker, Herbert,
Dates associated with a name 1903-
245 10 - TITLE STATEMENT
Title Über uns die Sterne,
Remainder of title Schauspiel in 3 Akten.
260 ## - PUBLICATION, DISTRIBUTION, ETC.
Place of publication, distribution, etc. Berlin-Charlottenburg,
Name of publisher, distributor, etc. G. Kiepenheuer
Date of publication, distribution, etc. [c1943]
300 ## - PHYSICAL DESCRIPTION
Extent 110 p.
Dimensions 21 cm.

No items available.

Powered by Koha